౧౨ నెలలు - Statistics

General Stats
  • This quiz has been taken 3 times
  • The average score is 5 of 12
Answer Stats
నెల % Correct
చైత్ర
100%
శ్రావణ
67%
కార్తీక
67%
మాఘ
67%
వైశాఖ
33%
జ్యేష్ఠ
33%
భాద్రపద
33%
పుష్య
33%
ఫాల్గుణ
33%
ఆషాఢ
0%
ఆశ్వయుజ
0%
మార్గశిర
0%
No matching quizzes found
Score Distribution
Percent of People with Each Score
Percentile by Number Answered
Your Score History
You have not taken this quiz